000
00404nam a2200145Ia 4500
008
090124s9999 xx 000 0 und d
082
_b
6375
245
_a
ही ज्य़ोत अंतरीची
250
_a
0
260
_c
1974
300
_a
160
630
_a
ही ज्य़ोत अंतरीची
730
_a
ही ज्य़ोत अंतरीची
942
_c
BOOK
999
_c
85252
_d
85252